| 000 | 00640cam a22002293a 4500 | ||
|---|---|---|---|
| 001 | 32817 | ||
| 003 | PGUSA | ||
| 005 | 20140828083717.0 | ||
| 008 | 100614s2010||||xxu|||||s|||||000 | eng d | ||
| 040 |
_aPGUSA _beng |
||
| 042 | _adc | ||
| 050 | 4 | _aQH | |
| 100 | 1 | _aLegler, John M. | |
| 245 | 1 | 2 |
_aA New Tortoise, Genus Gopherus, From North-central Mexico _h[electronic resource] / _cJohn M. Legler |
| 260 |
_bProject Gutenberg, _c2010 |
||
| 506 | _aPublic domain in the USA. | ||
| 516 | _aElectronic text | ||
| 653 | _aTurtles | ||
| 830 | 0 |
_aProject Gutenberg _v32817 |
|
| 856 | 4 | 0 | _uhttp://www.gutenberg.org/ebooks/32817 |
| 942 | _cEB | ||
| 999 |
_c262072 _d262072 |
||